[Event "IRI-ch U14"]
[Site "Chess.com INT"]
[Date "2021.01.16"]
[Round "8"]
[White "Asari, S Arad"]
[Black "Hoseini, Seyed Mehdi"]
[Result "1-0"]
[WhiteElo "1348"]
[BlackElo "1121"]
[PlyCount "65"]
[EventDate "2021.01.16"]
[EventType "swiss"]
[EventRounds "11"]
[EventCountry "IRI"]
[SourceTitle "EXT 2022"]
[Source "ChessBase"]
[SourceDate "2021.10.06"]
[SourceVersion "1"]
[SourceVersionDate "2021.10.06"]
[SourceQuality "1"]

1. d4 d5 2. Bf4 Nf6 3. e3 Bf5 4. Bd3 Bd7 5. c3 Nc6 6. Nd2 e6 7. Qc2 Be7 8. Ngf3 h6 9. 0-0 0-0 10. e4 dxe4 11. Nxe4 Nxe4 12. Bxe4 f5 13. Bxc6 Bxc6 14. Ne5 Be4 15. Qb3 Rf6 16. f3 Bd5 17. Qc2 Bd6 18. Nd3 Bc4 19. Bxd6 Qxd6 20. Rfe1 Bxd3 21. Qxd3 Rg6 22. Qe3 f4 23. Qe4 Rg5 24. Qxe6+ Qxe6 25. Rxe6 Rb5 26. b3 Kf7 27. Rae1 Rb6 28. Re7+ Kf6 29. Rxc7 Rd8 30. Ree7 g6 31. Rf7+ Kg5 32. Rc5+ Kh4 33. Rxf4# 1-0

[Event "IRI-ch U14"]
[Site "Chess.com INT"]
[Date "2021.01.16"]
[Round "2"]
[White "Asari, S Arad"]
[Black "Mahdavi, Reza"]
[Result "0-1"]
[WhiteElo "1348"]
[BlackElo "2124"]
[PlyCount "130"]
[EventDate "2021.01.16"]
[EventType "swiss"]
[EventRounds "11"]
[EventCountry "IRI"]
[SourceTitle "EXT 2022"]
[Source "ChessBase"]
[SourceDate "2021.10.06"]
[SourceVersion "1"]
[SourceVersionDate "2021.10.06"]
[SourceQuality "1"]

1. d4 Nf6 2. Bf4 g6 3. e3 Bg7 4. Nf3 0-0 5. Be2 d6 6. c3 Nc6 7. Nbd2 h6 8. 0-0 Nh5 9. Bg3 Nxg3 10. fxg3 e5 11. Qc2 Qe7 12. Bc4 Kh7 13. Rae1 Bd7 14. a3 Rae8 15. Bd5 Nd8 16. Qb3 c6 17. Bc4 d5 18. Be2 e4 19. Ne5 Bxe5 20. dxe5 Qxe5 21. c4 d4 22. Kh1 d3 23. Bd1 f5 24. Nb1 Be6 25. Qc3 Qxc3 26. Nxc3 Bxc4 27. b3 d2 28. bxc4 dxe1Q 29. Rxe1 Ne6 30. Bb3 Nc5 31. Bc2 Rd8 32. Ne2 Rd2 33. Bb1 Rfd8 34. Nd4 Kg7 35. Kg1 Kf6 36. Kf1 Ne6 37. Ne2 Rd1 38. Nc3 Rxe1+ 39. Kxe1 Ke5 40. Ke2 Nc5 41. Bc2 a6 42. h3 b5 43. cxb5 axb5 44. a4 b4 45. Na2 b3 46. Bxb3 Nxb3 47. Nb4 Rd2+ 48. Kf1 Kd6 49. g4 Rb2 50. Na6 Nc5 51. Nxc5 Kxc5 52. a5 Ra2 53. gxf5 gxf5 54. g4 fxg4 55. hxg4 Kb5 56. g5 hxg5 57. a6 Kxa6 58. Ke1 c5 59. Kf1 c4 60. Ke1 g4 61. Kd1 c3 62. Kc1 Rd2 63. Kb1 g3 64. Kc1 g2 65. Kb1 g1R# 0-1

[Event "IRI-ch U14"]
[Site "Chess.com INT"]
[Date "2021.01.16"]
[Round "6"]
[White "Asari, S Arad"]
[Black "Razaghian, Hosein"]
[Result "1-0"]
[WhiteElo "1348"]
[BlackElo "1809"]
[PlyCount "55"]
[EventDate "2021.01.16"]
[EventType "swiss"]
[EventRounds "11"]
[EventCountry "IRI"]
[SourceTitle "EXT 2022"]
[Source "ChessBase"]
[SourceDate "2021.10.06"]
[SourceVersion "1"]
[SourceVersionDate "2021.10.06"]
[SourceQuality "1"]

1. d4 d5 2. Bf4 Bf5 3. c3 c5 4. e3 Nc6 5. Nf3 e6 6. Bd3 Bxd3 7. Qxd3 Nf6 8. Nbd2 Bd6 9. Bg3 0-0 10. dxc5 Bxc5 11. 0-0 Qb6 12. Nb3 Be7 13. Nfd4 Rac8 14. Rae1 a5 15. Qe2 Nd7 16. Nc1 Rfe8 17. Nd3 Bf6 18. Qg4 Nde5 19. Nxe5 Nxe5 20. Bxe5 Bxe5 21. Re2 Rc4 22. Qh5 Bf6 23. Rfe1 Qc7 24. Nb5 Qd7 25. Nd4 b5 26. Nb3 Ra4 27. Nc5 Qb7 28. Nxb7 1-0